| 000 | 01228nam a22002897a 4500 | ||
|---|---|---|---|
| 001 | 3478 | ||
| 003 | FISKH | ||
| 005 | 20250826090232.0 | ||
| 008 | 240312b cb ||||| |||| 00| 0 eng d | ||
| 020 | _a9789814281126 | ||
| 040 |
_aFISKH _beng _cFISKH _dFISKH |
||
| 050 | _a398.2 | ||
| 100 | _aGiles, Jenny | ||
| 245 |
_aGoldilocks and the three bears / _cRetold by Jenny Giles : illustrated by Pat Reynolds |
||
| 250 | _aFirst published in 1998 | ||
| 260 |
_aBoston : _bCengage Learning, _c1998 |
||
| 300 |
_a32 pages : _bcolor illustrations ; _c22 cm . |
||
| 505 | _aH | ||
| 520 | _aScandinavia, where bears still live in the mountains, was chosen as the setting for this story. The turf-roofed house, the furniture, fabrics and clothes were all inspired by Icelandic, Norwegian and Swedish designs. Robert Southey's famous English version (in which the bears' visitor was an old woman) was written in 1837, and based on oral tradition. Set in Scandinavia, circa 1700-1800. | ||
| 521 | 8 |
_a470
_bLexile estimate |
|
| 521 | 8 |
_aH
_bRaz-Plus |
|
| 600 |
_2plays _vFairy tale |
||
| 650 |
_athree bears _vFairy tales |
||
| 700 |
_aReynolds, Pat _eillustrator |
||
| 942 |
_2ddc _cBK _n0 |
||
| 999 |
_c3478 _d3478 |
||